BIBLIOTHÈQUE DE LA MAISON DU MEXIQUE

Logo 1 Logo 2

Comentarios a las ordenanzas de Minas (notice nᵒ 1101)

détails MARC
000 -Sello discográfico
campo de control de longitud fija 00974nam a2200313 4500
005 - Identificación de versión
campo de control 20251016082615.0
010 ## - Número Estándar Internacional de Libros (ISBN)
Número (ISBN) 968-842-098-0
035 ## - Otros números de control del sistema
Número de control del sistema 21302
099 ## - fechas locales
Tipo de ítem Koha LIBRO
100 ## - Datos de procesamiento general
Datos de procesamiento general 19960805d1987 m y1spay5003 ba
105 ## - Campo de datos codificados: Material textual, monográfico
Datos codificados de monografía a 001zy
200 1# - Título y mención de responsabilidad
Título propio Comentarios a las ordenanzas de Minas
Designación general del material texto impreso
Otra información del título 1761
Primer mención de responsabilidad Francisco Xavier de Gamboa
205 ## - Declaración de edición
Declaración de edición 2a edición facsimilar
210 ## - Publicación, distribución, etc.
Lugar de publicación, distribución, etc. México
Nombre del editor, distribuidor, etc. Miguel Angel Porrúa
Fecha de publicación, distribución, etc. 1987
215 ## - Descripción física
Designación de material específico y extensión del ítem 534 p
Otras características físicas il., h. pleg.
Dimensiones 28 cm
300 ## - Notas generales
Texto de la nota Facsímil de la edición de: Madrid : Joaquín Ibarra, 1761
345 ## - Nota de información de adquisición
Fuente de adquisición/dirección de la suscripción [OBSOLETO] Intercambio
606 ## - Término temático usado como materia
Elemento de entrada Derecho minero
Subdivisión temática México
Número Koha 2917
606 ## - Término temático usado como materia
Elemento de entrada Derecho minero
Subdivisión geográfica España
Número Koha 2918
660 ## - Código de área geográfica
Código MX
700 ## - Nombre personal - Responsabilidad primaria
Elemento de entrada Gamboa
Parte del nombre distinta del elemento de entrada Francisco Xavier de
Fechas 1717-1794
Número Koha 2919
801 #0 - Fuente de origen
Agencia cm
900 ## -
-- 1/12870
900 ## -
-- 710962365\\050896
942 ## - ELEMENTOS DE ENTRADA SECUNDARIOS (KOHA)
Tipo de ítem Koha Livre
996 ## -
-- MEX
-- 751145101
-- MMAG
-- 012900
-- 338.20 G192C
-- 20250410LIV
Exemplaires
Estatus retirado Estado de daño Estado de pérdida Fecha de adquisición Biblioteca de origen Biblioteca actual Ubicación en estantería Código de barras Precio de reemplazo Signatura topográfica completa No para préstamo Tipo de ítem Koha Nota pública Nota no pública
      05/08/2025 Casa México Paris Casa México Paris   012900 05/08/2025 338.20 G192C   Livre 20250410LIV 751145101